2015 AFC Asian Cup teams - Statistics

General Stats
  • This quiz has been taken 284 times
  • The average score is 13 of 16
Answer Stats
Country % Correct
China
97%
Japan
97%
South Korea
96%
Iran
95%
Iraq
94%
North Korea
92%
Saudi Arabia
89%
Australia
88%
Qatar
85%
Oman
79%
United Arab Emirates
78%
Kuwait
73%
Uzbekistan
72%
Bahrain
70%
Jordan
67%
Palestine
46%
No matching quizzes found
Score Distribution
Percent of People with Each Score
Percentile by Number Answered
Your Score History
You have not taken this quiz